[Event "Challenge"]
[Site "http://www.queenalice.com/game.php?id=931214"]
[Date "2011.4.28"]
[Round "-"]
[White "efraga"]
[Black "reccar"]
[Result "0-1"]
[WhiteElo "1100"]
[BlackElo "1205"]

1. f4 g6 2. e3 b6 3. g3 Bb7 4. e4 Bxe4 5. Ba6 Bxh1 6. Nc3 Nxa6 7. d4 Bb7 8. b3
f5 9. Nh3 e6 10. Qe2 Bb4 11. Bd2 Nf6 12. Qb5 c6 13. Qc4 Ne4 14. Nf2 Nxc3 15. Nd3
c5 16. d5 Bxd5 17. Qxa6 Qc7 18. Rc1 Qc6 19. g4 fxg4 20. Kf2 Bg2 21. Re1 Rf8 22.
Rg1 Qf3+ 23. Ke1 Qg3+ 24. hxg3 Bf3 25. Nf2 Ne2 26. Rh1 h5 27. c3 Nxc3 28. Bxc3
Bxc3+ 29. Kf1 Bxh1 30. Nxh1 g5 31. Qb7 Ke7 32. Nf2 Bd2 33. Ne4 Be3 34. Nxg5 Bxf4
35. gxf4 Rfb8 36. Qe4 a5 37. f5 Rg8 38. Nh7 g3 39. f6+ Kf7 40. Qb7 Rgd8 41. Ng5+
Kg6 42. Ne4 Rab8 43. Qc7 d5 44. Qxg3+ Kf5 45. Nd6+ Kxf6 46. Qf4+ Ke7 47. Nb5 Rf8
48. Qxf8+ Rxf8+ 49. Ke2 h4 50. b4 axb4 51. a3 b3 52. Nc3 d4 53. Nd1 h3 54. Nf2
h2 55. Ne4 h1=Q 56. a4 b2 57. Nd2 Qh2+ 58. Kd1 Rf2 59. Ne4 b1=Q# 0-1

[Event "AUTO-OPEN-2345"]
[Site "http://www.queenalice.com/game.php?id=931269"]
[Date "2011.4.28"]
[Round "1"]
[White "efraga"]
[Black "luizantoniosetti"]
[Result "0-1"]
[WhiteElo "938"]
[BlackElo "2067"]

1. b3 e5 2. Ba3 Bxa3 3. Nxa3 d5 4. e3 Nf6 5. Nf3 Nc6 6. Be2 O-O 7. d3 Re8 8. e4
dxe4 9. Ng5 exd3 10. cxd3 Nd5 11. h4 Nc3 12. Qc2 Nxe2 13. Qxe2 h6 14. Ne4 f5 15.
Ng3 Nd4 16. Qh5 Be6 17. Rc1 c6 18. Rc5 Rc8 19. Rxe5 Bd5 20. Rxe8+ Qxe8+ 21. Kd2
Qxh5 22. Nxh5 Kf7 0-1

[Event "AUTO-OPEN-2345"]
[Site "http://www.queenalice.com/game.php?id=931270"]
[Date "2011.4.28"]
[Round "1"]
[White "luizantoniosetti"]
[Black "efraga"]
[Result "1-0"]
[WhiteElo "2064"]
[BlackElo "934"]

1. e4 c5 2. Nf3 d6 3. d4 g6 4. dxc5 e6 5. cxd6 Bxd6 6. Bb5+ Bd7 7. Qxd6 Qa5+ 8.
Nc3 Qb6 9. Qxb6 axb6 10. Be3 Nf6 11. Bd4 Ke7 12. Bd3 Nc6 13. Bxb6 h5 14. Nd4
Nxd4 15. Bxd4 Ba4 16. Nxa4 Rxa4 17. Bc3 Rd8 18. b3 Ra5 19. Bxa5 Rc8 20. O-O Rc5
21. Bb4 b6 22. Bxc5+ Ke8 23. Bb5+ Kd8 24. Bxb6+ 1-0

[Event "AUTO-OPEN-2345"]
[Site "http://www.queenalice.com/game.php?id=931272"]
[Date "2011.4.28"]
[Round "1"]
[White "McKubik"]
[Black "efraga"]
[Result "1-0"]
[WhiteElo "1329"]
[BlackElo "934"]

1. e4 c5 2. Qh5 Na6 3. Nc3 Nf6 4. Qg5 h6 5. Qe3 d6 6. Bxa6 bxa6 7. Nf3 Bb7 8.
O-O g6 9. b3 h5 10. h3 Bh6 11. Qe2 Qd7 12. Qc4 Qc7 13. Nd5 Qc6 14. Nxf6+ Kf8 15.
d3 Bxc1 16. Raxc1 exf6 17. d4 Qxe4 18. dxc5 Bd5 19. Qxa6 Qe6 20. Nd4 Qe5 21. Nb5
Qe4 22. f3 Qe3+ 23. Kh2 g5 24. Qxd6+ Qe7 25. Qxd5 Rc8 26. Rfe1 Qxc5 27. Qd6+ Kg7
28. Qd3 Rhd8 29. Nd4 Rxd4 30. Qe3 Rc6 31. Qe8 Qd6+ 32. g3 Rd2+ 33. Re2 Rd3 34.
Qe4 h4 35. Rg1 Qd5 36. Qe8 Re6 37. Rxe6 fxe6 38. cxd3 1-0

[Event "AUTO-OPEN-2345"]
[Site "http://www.queenalice.com/game.php?id=931273"]
[Date "2011.4.28"]
[Round "1"]
[White "efraga"]
[Black "Nunes"]
[Result "0-1"]
[WhiteElo "938"]
[BlackElo "1715"]

1. c3 d5 2. e3 e5 3. Nh3 Nc6 4. Na3 Bxa3 5. bxa3 Nf6 6. g3 Bg4 7. f3 Be6 8. Rb1
Qd7 9. Rxb7 Bxh3 10. Bd3 O-O 11. f4 exf4 12. exf4 Rfe8+ 13. Kf2 Ne4+ 14. Ke1
Nxc3+ 15. Kf2 Nxd1+ 16. Kf3 Qg4# 0-1

[Event "AUTO-OPEN-2345"]
[Site "http://www.queenalice.com/game.php?id=931274"]
[Date "2011.4.28"]
[Round "1"]
[White "Nunes"]
[Black "efraga"]
[Result "1-0"]
[WhiteElo "1548"]
[BlackElo "1002"]

1. e4 Nf6 2. e5 Nd5 3. d4 c6 4. Nf3 e6 5. c4 Qa5+ 6. Bd2 Nb4 7. a3 Nd3+ 8. Bxd3
Qd8 9. Nc3 f6 10. Ne4 fxe5 11. dxe5 b6 12. Nfg5 h6 13. Qh5+ Ke7 14. Qf7# 1-0

[Event "jogos"]
[Site "http://www.queenalice.com/game.php?id=931809"]
[Date "2011.4.29"]
[Round "-"]
[White "lmangifeste"]
[Black "efraga"]
[Result "1-0"]
[WhiteElo "1064"]
[BlackElo "915"]

1. d3 b6 2. d4 d6 3. Nh3 Qd7 4. g3 e6 5. Bg2 d5 6. O-O Nc6 7. e3 Nf6 8. Na3 Nb4
9. Bd2 Qa4 10. Qg4 Nxg4 11. Nb1 Nxc2 12. Bf3 f5 13. Nc3 Qb4 14. a3 Qxb2 15. Rad1
Bxa3 16. e4 Nxd4 17. Bg2 Bb4 18. Na4 Ne2+ 19. Kh1 1-0

[Event "Challenge"]
[Site "http://www.queenalice.com/game.php?id=931871"]
[Date "2011.4.29"]
[Round "-"]
[White "efraga"]
[Black "Paulo1210"]
[Result "0-1"]
[WhiteElo "1002"]
[BlackElo "1019"]

1. e3 e5 2. Qf3 f6 3. b3 c5 4. Qe4 d5 5. Qa4+ Nd7 6. Nc3 a6 7. Nxd5 b5 8. Qg4
Nb6 9. Qh5+ g6 10. Qf3 h5 11. Ba3 Bg4 12. Qe4 Nxd5 13. h3 Bf5 14. Qf3 e4 15. Qg3
Bd6 16. Qxg6+ Bxg6 17. b4 Nxb4 18. Rc1 Nxa2 19. Rb1 b4 20. Ra1 Qa5 21. Rxa2 Bf7
22. Ra1 Be5 23. d4 cxd4 24. g3 d3 25. cxd3 bxa3+ 26. Kd1 Bxa1 27. dxe4 Qc3 28.
Nf3 Bb3+ 29. Ke2 Qc2+ 30. Ke1 Qd1# 0-1

[Event "AUTO-OPEN-2349"]
[Site "http://www.queenalice.com/game.php?id=933460"]
[Date "2011.5.3"]
[Round "1"]
[White "doomedbr"]
[Black "efraga"]
[Result "1-0"]
[WhiteElo "2218"]
[BlackElo "1002"]

1. e4 c6 2. d4 e6 3. Nh3 g6 4. Nc3 b5 5. Qf3 Bh6 6. d5 b4 7. dxe6 dxe6 8. Bxh6
Nxh6 9. Rd1 Qe7 10. Ne2 Qh4 11. Qd3 Ba6 12. Qd6 Ng4 13. g3 Qh5 14. Qd8# 1-0

[Event "AUTO-OPEN-2349"]
[Site "http://www.queenalice.com/game.php?id=933461"]
[Date "2011.5.3"]
[Round "1"]
[White "efraga"]
[Black "doomedbr"]
[Result "0-1"]
[WhiteElo "938"]
[BlackElo "2223"]

1. c3 e6 2. e3 a6 3. g3 b5 4. e4 Qf6 5. Bd3 d5 6. a4 Bc5 7. Nh3 Bb7 8. axb5 a5
9. b6 cxb6 10. Bb5+ Nc6 11. g4 Qh4 12. d4 Bd6 13. c4 Ne7 14. cxd5 exd5 15. exd5
Nxd5 0-1

[Event "AUTO-OPEN-2349"]
[Site "http://www.queenalice.com/game.php?id=933490"]
[Date "2011.5.3"]
[Round "1"]
[White "efraga"]
[Black "Betim_Xadrez"]
[Result "0-1"]
[WhiteElo "938"]
[BlackElo "1888"]

1. e3 e5 2. c3 d5 3. Be2 Nf6 4. Nf3 Nc6 5. h3 Bd6 6. Ng5 O-O 7. Bh5 e4 8. d3 h6
9. Nxf7 Rxf7 10. Bxf7+ Kxf7 11. dxe4 dxe4 12. c4 Be6 0-1

[Event "AUTO-OPEN-2349"]
[Site "http://www.queenalice.com/game.php?id=933491"]
[Date "2011.5.3"]
[Round "1"]
[White "Betim_Xadrez"]
[Black "efraga"]
[Result "1-0"]
[WhiteElo "1886"]
[BlackElo "938"]

1. e4 c6 2. d4 e6 3. Nf3 Nf6 4. Nc3 Bb4 5. Bd3 b6 6. Bd2 g6 7. O-O Rg8 8. Bg5
Be7 9. e5 Nh5 10. Bxe7 Qxe7 11. Re1 Nf4 12. Qd2 1-0

[Event "AUTO-OPEN-2349"]
[Site "http://www.queenalice.com/game.php?id=933492"]
[Date "2011.5.3"]
[Round "1"]
[White "efraga"]
[Black "Janivgm"]
[Result "0-1"]
[WhiteElo "934"]
[BlackElo "1622"]

1. e3 e5 2. c3 d5 3. Be2 Nf6 4. Nf3 Nc6 5. Qb3 b6 6. d3 Bd6 7. a3 Be6 8. Qb5 Bd7
9. h3 Nd4 10. Qb3 Nxb3 11. Ra2 Nxc1 12. Ra1 Nxe2 0-1

[Event "AUTO-OPEN-2349"]
[Site "http://www.queenalice.com/game.php?id=933493"]
[Date "2011.5.3"]
[Round "1"]
[White "Janivgm"]
[Black "efraga"]
[Result "1-0"]
[WhiteElo "1624"]
[BlackElo "934"]

1. e4 c6 2. d4 e6 3. Nf3 Nf6 4. Nc3 Na6 5. Bxa6 bxa6 6. Bg5 Rb8 7. b3 Bb4 8. Bd2
h5 9. Qe2 Ba3 10. h3 Bb2 11. Rb1 Bxc3 12. Bxc3 d5 13. e5 Ne4 14. Bd2 1-0

[Event "AUTO-BEG-482"]
[Site "http://www.queenalice.com/game.php?id=934016"]
[Date "2011.5.4"]
[Round "1"]
[White "esatni"]
[Black "efraga"]
[Result "1-0"]
[WhiteElo "1252"]
[BlackElo "929"]

1. e4 c6 2. Bc4 Nf6 3. Qf3 g6 4. d3 Rg8 5. Bg5 Qa5+ 6. Nc3 d6 7. Ne2 Bg4 8. Qf4
Nbd7 9. h3 e5 10. Qd2 Bh5 11. g4 h6 12. gxh5 hxg5 13. Qxg5 b5 14. Bb3 Rh8 15.
hxg6 Bh6 16. gxf7+ Kd8 17. Qg6 1-0

[Event "AUTO-BEG-482"]
[Site "http://www.queenalice.com/game.php?id=934017"]
[Date "2011.5.4"]
[Round "1"]
[White "efraga"]
[Black "esatni"]
[Result "0-1"]
[WhiteElo "934"]
[BlackElo "1249"]

1. e3 e5 2. c3 g5 3. g3 Qf6 4. Be2 Bc5 5. Bh5 b5 6. b4 Nh6 7. Qf3 Qxf3 8. Bxf3
c6 9. bxc5 Na6 10. Nh3 Nxc5 11. Ba3 Nd3+ 12. Ke2 e4 13. Bxe4 Ne5 14. Nxg5 f5 15.
Bc2 Ba6 16. f4 c5 17. Bxf5 b4+ 0-1